| 000 | 00517nam a22001697a 4500 | ||
|---|---|---|---|
| 003 | OSt | ||
| 008 | 260416b |||||||| |||| 00| 0 eng d | ||
| 082 |
_a581.2 _bC35E |
||
| 100 | _aChaudhari, Pawan Kumar | ||
| 245 | _aEvaluation of Homoeopathic Drugs Against Drechslera oryzae (Breda de Haan) Subhramanian and jain, Causing Brown Leaf Spot of Rice | ||
| 260 |
_aPusa, Samastipur _bRAU, Samastipur _c2004 |
||
| 310 | _a49P. | ||
| 502 |
_bMsc. _d2004 |
||
| 650 | _aPlant Pathology | ||
| 650 | _aMsc. | ||
| 942 |
_2ddc _cT |
||
| 999 |
_c50051 _d50051 |
||